Persona non grata /
Saved in:
| Main Author: | |
|---|---|
| Other Authors: | , , , , , |
| Format: | Book |
| Language: | Español |
| Published: |
Madrid, España :
Cátedra,
2015, c2015
|
| Series: | (Letras Hispánicas Cátedra ;
763) |
| Subjects: | |
| Tags: |
No Tags, Be the first to tag this record!
|
MARC
| LEADER | 00000nam^a2200000^a^4500 | ||
|---|---|---|---|
| 001 | 000184541 | ||
| 005 | 20250521000000.0 | ||
| 009 | 20260310102119.545 | ||
| 020 | |a 978-84-376-3454-8 | ||
| 037 | |a Acervo ITESO - Biblioteca | ||
| 041 | |a ESP | ||
| 082 | |a 860. 92 |b EDW | ||
| 100 | |a Edwards, Jorge |e (autor) | ||
| 245 | 1 | 0 | |a Persona non grata / |c J. Edwards ; ed. e introd. de A. Esteban Lozano, Y. Aparicio ; carta de G. Cabrera Infante, G. Greene, A. Miller, C. Prats |
| 264 | 4 | |a Madrid, España : |b Cátedra, |c 2015, c2015 | |
| 300 | |a 500 p. | ||
| 336 | |a texto |b txt |2 rdacontenido | ||
| 337 | |a sin mediación |b n |2 rdamedio | ||
| 338 | |a volumen |b nc |2 rdasoporte | ||
| 440 | 1 | |a (Letras Hispánicas Cátedra ; |v 763) | |
| 585 | |a Exposición DIA 2023-09 / A 50 años del golpe de Estado: Chile e ITESO, convergencias con la dignidad y la memoria | ||
| 586 | |a Premio Miguel de Cervantes 1999: Memorias | ||
| 649 | |a XX | ||
| 650 | |a Escritores Chilenos - |x Memorias | ||
| 650 | |a Diplomáticos Chilenos - |x Memorias | ||
| 650 | |a Embajadas y Consulados de Chile - |x Historia - |y 1970-1973 | ||
| 650 | |a Embajadas y Consulados en Cuba - |x Historia - |y 1959-1990 | ||
| 650 | |a Memorias Chilenas | ||
| 650 | |a Literatura Autobiográfica - |z Chile | ||
| 650 | |a Literatura y Política - |z Chile | ||
| 650 | |a Literatura Chilena - |y Siglo XX | ||
| 650 | |a Relaciones Internacionales - |z Chile-Cuba - |x Historia - |y Siglo XX | ||
| 650 | |a Política Exterior - |z Chile - |x Historia - |y 1970-1973 | ||
| 650 | |a Política - |z Cuba - |x Historia - |y 1959-1990 - |x Tema Principal | ||
| 650 | |a Política - |z Cuba - |x Historia - |y 1959-2006 | ||
| 650 | |a Política - |z Cuba - |x Historia - |y Siglo XX | ||
| 650 | |a Cuba en la Literatura | ||
| 650 | |a Cuba - |x Historia - |y 1959-1990 | ||
| 650 | |a Cuba - |x Historia - |y 1959-2006 | ||
| 650 | |a Cuba - |x Historia - |y Siglo XX | ||
| 650 | |a Edwards, Jorge - |x Tema Principal | ||
| 700 | |a Esteban Lozano, Angel |e (edición e introducción) | ||
| 700 | |a Aparicio, Yannelys |e (edición e introducción) | ||
| 700 | |a Cabrera Infante, Guillermo |e (carta) | ||
| 700 | |a Greene, Graham |e (carta) | ||
| 700 | |a Miller, Arthur |e (carta) | ||
| 700 | |a Prats, Carlos |e (carta) | ||
| 910 | |a Fondo General | ||
| 920 | |a Impresos - Libros | ||
| 930 | |a Colección General | ||
| 940 | |a Literatura | ||
| 905 | |a 101 | ||
| 901 | |a 0500283459 |b IT1 |c LIT |u 20250521 | ||
| 902 | |a https://opac.biblio.iteso.mx/vufind/Record/000184541 | ||